Benchmarking slovenských miest 2004-2007 vedeckovýskumná štúdia : [výstup z výskumu spoločnej výskumnej úlohy Komunálneho výskumného a poradenského centra, n. o., Piešťany a VŠEMvs v Bratislave č. IGP 6/2007 za rok 2008]

Bibliographic Details
Main Author: Nižňanský, Viktor 1953- (Author)
Format: Book
Language:Slovak
PhysicalDescription:92 s. sch., tab. 21 cm
Published: Bratislava Merkury 2008
ISBN:9788089143764 (brož.)
Edition:[1. vyd.]
Subjects:

MARC

LEADER 00000cam a2200000 a 4500
001 vtls009496754
003 SK-MaSNL
005 20260425235449.0
008 160208s2008 xo ol f 000 0 slo
015 |a SNBA2009/07-03890 
020 |a 9788089143764 (brož.) 
035 |a 792E382C-FB06-4FBE-8890-39E6148BC526 
035 |a urn:nbn:sk:snk-amk8e9 
035 |a urn:nbn:sk:snk-am0088l5 
040 |a SNK  |b slo  |c SNK  |e AACR2 
041 0 |a slo 
043 |a e-xo--- 
044 |a xo  |c SK 
072 7 |a 005  |x Manažment. Riadenie  |2 konspekt 
072 7 |a 35  |x Verejná správa  |2 konspekt 
080 |a 352  |2 2001 
080 |a 005.642.1  |2 2001 
080 |a 35  |2 2001 
080 |a (437.6)  |2 2001 
080 |a (047.31)  |2 2001 
245 0 0 |a Benchmarking slovenských miest 2004-2007  |b vedeckovýskumná štúdia : [výstup z výskumu spoločnej výskumnej úlohy Komunálneho výskumného a poradenského centra, n. o., Piešťany a VŠEMvs v Bratislave č. IGP 6/2007 za rok 2008]  |c Viktor Nižňanský ... [et al.] 
250 |a [1. vyd.] 
260 |a Bratislava  |b Merkury  |c 2008 
300 |a 92 s.  |b sch., tab.  |c 21 cm 
504 |a Bibliogr. s. 79 
648 7 |a 2004-2007  |2 SNKPH  |9 427282 
650 0 7 |a mestá  |2 SNKPH  |9 2929 
650 0 7 |a benchmarking  |2 SNKPH  |9 926 
650 0 7 |a Cities and towns  |2 SNKPHeng  |9 316555 
650 0 7 |a Benchmarking (Management)  |2 SNKPHeng  |9 276234 
650 0 7 |a verejná správa  |2 SNKPH  |9 1538 
650 0 7 |a Public administration  |2 SNKPHeng  |9 266247 
651 7 |a Slovensko  |2 SNKPH  |9 14231 
651 7 |a Slovakia  |2 SNKPHeng  |9 92630 
655 7 |a výskumne správy  |2 SNKPH  |9 70491 
655 7 |a Research reports  |2 SNKPHeng  |9 308474 
700 1 |a Nižňanský, Viktor  |d 1953-  |4 aut  |9 159370 
919 |a 978-80-89143-76-4 
958 |a OND 
958 |a NB 
968 |d 0 
999 |c 830283  |d 832213 
952 |a SNK  |b SNK  |y PREZ  |7 0  |p 17A0619849  |o snkSC 135452  |i snk2009/7932  |8 0  |0 0  |1 0  |4 0  |d 2009-04-29  |l 0  |r 2025-07-01 00:00:00  |w 2026-02-24 
952 |a SNK  |b SNK  |y VYP  |7 0  |p 17A0619848  |o snkSC 135452 D1  |i snk2009/7933  |8 0  |0 0  |1 0  |4 0  |d 2009-04-29  |f 1  |l 0  |r 2026-02-24 03:35:46  |w 2026-02-24